[Event "Collado Villalba op-B 34th"]
[Site "Collado Villalba"]
[Date "2017.08.28"]
[Round "7"]
[White "Galan Aguado, Fernando"]
[Black "Santos Garay Cordovil, Salvador"]
[Result "1-0"]
[WhiteElo "1634"]
[BlackElo "1825"]
[PlyCount "71"]
[EventDate "2017.08.22"]
[EventType "swiss"]
[EventRounds "9"]
[EventCountry "ESP"]
[SourceTitle "CBM 180 Extra"]
[Source "ChessBase"]
[SourceDate "2017.10.06"]
[SourceVersion "1"]
[SourceVersionDate "2017.10.06"]
[SourceQuality "1"]

1. d4 Nf6 2. Nf3 e6 3. e3 c5 4. Bd3 Nc6 5. 0-0 d5 6. b3 cxd4 7. exd4 Bd6 8. Bb2 0-0 9. Re1 Qc7 10. a3 a6 11. Nbd2 b5 12. Ne5 Re8 13. Ndf3 Bb7 14. Ng5 Nd8 15. Qf3 h6 16. Nh3 Ne4 17. g3 f5 18. Nf4 Bxe5 19. dxe5 Nf7 20. Ng6 Neg5 21. Qh5 d4 22. Nh4 Nxe5 23. Be2 Qc6 24. f3 Qc5 25. Kf1 Rad8 26. Rad1 d3 27. Bxd3 Nexf3 28. Nxf3 Nxf3 29. Qg6 Qg1+ 30. Ke2 Qg2+ 31. Ke3 f4+ 32. Kxf4 Rf8+ 33. Ke3 Ne5 34. Qh7+ Kf7 35. Rf1+ Bf3 36. Bxe5 1-0

[Event "Madrid-ch sf"]
[Site "Madrid"]
[Date "2016.02.16"]
[Round "5"]
[White "Santos Garay Cordovil, Salvador"]
[Black "Pashov, Spas Nikolov"]
[Result "1/2-1/2"]
[WhiteElo "1873"]
[BlackElo "1774"]
[PlyCount "44"]
[EventDate "2016.02.08"]
[EventType "swiss"]
[EventRounds "9"]
[EventCountry "ESP"]
[SourceTitle "CBM 171 Extra"]
[Source "ChessBase"]
[SourceDate "2016.04.26"]
[SourceVersion "1"]
[SourceVersionDate "2016.04.26"]
[SourceQuality "1"]

1. d4 Nf6 2. Bg5 e6 3. e4 Be7 4. e5 Nd5 5. Bxe7 Qxe7 6. Qd2 c5 7. c3 Nc6 8. Nf3 d6 9. c4 Nc7 10. dxc5 dxe5 11. b4 Qf6 12. Nc3 e4 13. Ng5 e3 14. Qxe3 Nxb4 15. Qd2 Nc2+ 16. Qxc2 Qxg5 17. Ne4 Qe5 18. Rd1 f5 19. Bd3 fxe4 20. Bxe4 0-0 21. 0-0 g6 22. Rfe1 Qg7 1/2-1/2

[Event "Madrid Chamartin op 4th"]
[Site "Madrid"]
[Date "2015.09.11"]
[Round "8"]
[White "Martin Duque, Jesus"]
[Black "Santos Garay Cordovil, Salvador"]
[Result "1-0"]
[WhiteElo "2374"]
[BlackElo "1897"]
[PlyCount "91"]
[EventDate "2015.09.06"]
[EventType "swiss"]
[EventRounds "9"]
[EventCountry "ESP"]
[SourceTitle "EXT 2016"]
[Source "ChessBase"]
[SourceDate "2015.10.08"]
[SourceVersion "1"]
[SourceVersionDate "2015.10.08"]
[SourceQuality "1"]

1. e4 c5 2. Nf3 Nc6 3. d4 cxd4 4. Nxd4 Nf6 5. Nc3 e5 6. Ndb5 d6 7. Bg5 a6 8. Na3 b5 9. Bxf6 gxf6 10. Nd5 f5 11. exf5 Bxf5 12. c3 Bg7 13. Nc2 Ra7 14. Nce3 Bg6 15. h4 h5 16. Bd3 e4 17. Bc2 Ne5 18. Nf4 Qf6 19. Ned5 Qf5 20. Qe2 0-0 21. Nxg6 fxg6 22. Bxe4 Qe6 23. Ne3 Qf6 24. g3 Nf3+ 25. Bxf3 Qxf3 26. Qxf3 Rxf3 27. 0-0 b4 28. cxb4 Bxb2 29. Rad1 Be5 30. Kg2 Raf7 31. Nc4 R7f6 32. a4 Rb3 33. Ne3 Ra3 34. a5 Kf7 35. Nc4 Rb3 36. f4 Bc3 37. Rd3 d5 38. Nd2 Rb2 39. Rxc3 Rxd2+ 40. Rf2 Rd4 41. Rc7+ Ke6 42. Re2+ Re4 43. Rxe4+ dxe4 44. Rc6+ Kf5 45. Rxf6+ Kxf6 46. b5 1-0